| 000 | 00763nam a2200193 i 4500 | ||
|---|---|---|---|
| 001 | 35174 | ||
| 003 | ES-MaACL | ||
| 005 | 20230906155053.0 | ||
| 007 | t| | ||
| 008 | 030212s1952 sp ||||1| spa d | ||
| 100 | 1 |
_aBotín Polanco, Adolfo. _930785 |
|
| 245 | 1 | 3 |
_aEl noble bruto y sus amigos _b: ideas hípicas, clásicas, de polémica y de actualidad / _cAdolfo Botín Polanco ; con un prólogo de Antonio Botín Polanco ; y notas de Emilio López de Letona y Chacón. |
| 260 |
_aMadrid : _bRevista de Occidente, _c[1952] ( _fImp. Viuda de Galo Sáez) |
||
| 300 |
_a330 p., 1 lám. ; _c22 cm. |
||
| 650 | 4 |
_aHípica. _9171917 |
|
| 700 | 1 |
_aBotín Polanco, Antonio. _930786 |
|
| 700 | 1 |
_aLópez de Letona y Chacón, Emilio. _973568 |
|
| 852 |
_aES-MaACL _jD-9295 |
||
| 999 |
_c35174 _d35174 |
||